Finančné časové rady, ich vlastnosti a predikcia bakalárska práca

Guardado en:
Detalles Bibliográficos
Autor principal: Mrázová, Lucia
Autor Corporativo: Národohospodárska fakulta EU. Katedra financií
Otros Autores: Káčer, Marek, 1976-
Formato: Libro
Lenguaje:eslovaco
Publicado: Bratislava 2018
Etiquetas: Agregar Etiqueta
Sin Etiquetas, Sea el primero en etiquetar este registro!

MARC

LEADER 00000nbm a2200000 4500
001 0245950
005 20181214112721.1
041 0 |a slo 
044 |a SK 
245 1 0 |a Finančné časové rady, ich vlastnosti a predikcia  |b bakalárska práca  |c Lucia Mrázová ; školiteľ: Marek Káčer 
264 1 |a Bratislava  |c 2018 
300 |a 54 s. 
100 1 |a Mrázová, Lucia 
700 1 |a Káčer, Marek, 1976- 
710 2 |a Národohospodárska fakulta EU. Katedra financií